000 01684cam a22003493a 4500
001 16409396
003 OSt
005 20140310181654.0
008 971205s1997 nyua j 000 0 eng d
010 _a 98815068
020 _a0590957120 (pbk.) :
_c$3.99
035 _a(OCoLC)ocm38046062
040 _aDMM
_cDMM
_dOCL
_dDLC
050 0 0 _aPZ 7
_b.ST897 1997
082 _aKF
_bSt8h 1997
100 1 _aStrasser, Todd.
_94377
245 1 0 _aHome alone 3 /
_cTodd Strasser
246 3 0 _aHome alone three
260 _aNew York :
_bScholastic,
_cc1997.
300 _a141 p.
_bcol. ill. ;
_c20 cm.
500 _a"Based on the motion picture screenplay written by John Hughes."
520 _aEight-year-old Alex Pruitt gets stuck at home with the chicken pox. There's nothing to do except play with his telescope, or mess around with the stupid toy car that his cranky neighbor gave him as payment for shoveling her driveway. Then Alex's mother is called to her office, leaving Alex home alone. That's when he looks through the telescope and sees burglars breaking into a neighbor's house! No one believes him, so when the burglars return, it's up to Alex to defend the neighborhood! Then he discovers a U. S. Air Force microchip in his toy car--and realizes that the burglars are really after him!
541 _j1
562 _e1
650 0 _aBurglary
_vFiction.
_94381
650 0 _aSelf-defense
_vFiction.
_94382
655 7 _aMovie novels.
_2gsafd
_94383
700 1 _aHughes, John,
_d1950 May 8-
_94384
710 2 _aCopyright Paperback Collection (Library of Congress)
_5DLC
_9705
906 _a7
_bcbc
_ccopycat
_d2
_encip
_f19
_gy-genrareb
942 _2lcc
_cBK-KF
_kKF
999 _c1052
_d1052